[Event "Baden-ch op U1600"]
[Site "Birkenfeld"]
[Date "2013.06.01"]
[Round "5"]
[White "Senel, Osman"]
[Black "Gorges, Gerhard"]
[Result "1-0"]
[WhiteElo "1583"]
[BlackElo "1524"]
[PlyCount "21"]
[EventDate "2013.05.30"]
[EventType "swiss"]
[EventRounds "7"]
[EventCountry "GER"]
[SourceTitle "EXT 2014"]
[Source "ChessBase"]
[SourceDate "2013.11.20"]
[SourceVersion "1"]
[SourceVersionDate "2013.11.20"]
[SourceQuality "1"]

1. e4 e5 2. Nf3 Nf6 3. d4 exd4 4. Bc4 Nc6 5. 0-0 Bc5 6. e5 d5 7. exf6 dxc4 8. Re1+ Be6 9. Ng5 Qd7 10. Nxe6 fxe6 11. Qh5+ 1-0

[Event "Baden-ch U18"]
[Site "Karlsruhe Durlach"]
[Date "2012.01.02"]
[Round "2"]
[White "Cofman, Veaceslav"]
[Black "Senel, Osman"]
[Result "1-0"]
[WhiteElo "2104"]
[BlackElo "1362"]
[PlyCount "102"]
[EventDate "2012.01.02"]
[EventType "swiss"]
[EventRounds "7"]
[EventCountry "GER"]
[SourceTitle "EXT 2015"]
[Source "ChessBase"]
[SourceDate "2014.11.20"]
[SourceVersion "1"]
[SourceVersionDate "2014.11.20"]
[SourceQuality "1"]

1. d4 d5 2. c4 e6 3. Nc3 Nf6 4. Bg5 Be7 5. e3 0-0 6. Nf3 Nc6 7. Bxf6 Bxf6 8. cxd5 exd5 9. Qb3 Ne7 10. Bd3 c6 11. 0-0 Rb8 12. Rac1 Be6 13. Ne2 Qd6 14. Ng3 g6 15. Qc2 Qc7 16. Rfe1 Rfd8 17. b4 a6 18. a4 Rbc8 19. a5 Qd6 20. Qc5 Qd7 21. Nd2 Nf5 22. Nb3 Be7 23. Qc3 Nxg3 24. hxg3 f5 25. Nc5 Bxc5 26. bxc5 Re8 27. Rb1 Rc7 28. Qd2 Re7 29. Qe2 Qe8 30. Rb6 Bc8 31. Qf3 Kg7 32. Qf4 Rcd7 33. f3 h6 34. Kf2 Qf7 35. Rh1 h5 36. Qg5 Kf8 37. Ke2 Re6 38. Kd2 Qg7 39. Rbb1 Rde7 40. Rbe1 Bd7 41. Rhf1 Kg8 42. Bc2 Bc8 43. Bd3 Bd7 44. Qf4 Bc8 45. g4 fxg4 46. fxg4 hxg4 47. Qxg4 Bd7 48. Qf4 Bc8 49. Rf3 Rf7 50. Qb8 Re8 51. Qg3 Rxf3 1-0